00451nam a2200157Ia 450000500170000000800410001708200130005810000150007124500300008626000350011630000120015165000140016394200060017795200950018399900150027820250624015635.0240331s9999 xx 000 0 und d bDESa335 aDe Silva,N 0aMaxswadaye daridrathawaya aMharagamabThink clusterc1993 a56 p ., aSocialism cL 001040708LaWERCLbWERCLcSSCd2024-03-31l0o 335 DESp5360r2024-03-31w2024-03-31yL c5270d5270